Normal view
MARC view
- Jay , Meg
Entry Personal Name
001 - CONTROL NUMBER
- control field: 134041
003 - CONTROL NUMBER IDENTIFIER
- control field: NUST
005 - DATE AND TIME OF LATEST TRANSACTION
- control field: 20260410161011.0
008 - FIXED-LENGTH DATA ELEMENTS
- fixed length control field: 260410|| aca||aabn | a|a d
040 ## - CATALOGING SOURCE
- Original cataloging agency: NUST
- Transcribing agency: NUST
100 ## - HEADING--PERSONAL NAME
- Personal name: Jay , Meg
670 ## - SOURCE DATA FOUND
- Source citation: Work cat.: (NUST): Jay , Meg., Cracking the GRE Psychology Subject Test /, 2010.
